[Event "Cadiz op 17th"]
[Site "Cadiz"]
[Date "2010.07.05"]
[Round "1.8"]
[White "Cumbrera Conde, Inmaculada"]
[Black "Alvarez Garcia, Francisco Javier"]
[Result "0-1"]
[WhiteElo "1439"]
[BlackElo "2054"]
[PlyCount "44"]
[EventDate "2010.07.05"]
[EventType "swiss"]
[EventRounds "7"]
[EventCountry "ESP"]
[SourceTitle "EXT 2024"]
[Source "ChessBase"]
[SourceDate "2023.10.10"]
[SourceVersion "1"]
[SourceVersionDate "2023.10.10"]
[SourceQuality "1"]

1. e4 d5 2. exd5 Nf6 3. Nc3 Nxd5 4. Bc4 Nb6 5. Bb3 Nc6 6. Nf3 Na5 7. 0-0 Nxb3 8. axb3 Bf5 9. Re1 e6 10. d4 Be7 11. Bf4 c6 12. Ne2 Nd5 13. Bd2 Nb4 14. Bxb4 Bxb4 15. c3 Bd6 16. c4 0-0 17. Nc3 Re8 18. Ne4 Bb4 19. Re3 b6 20. Ng3 Bg4 21. h3 Bxf3 22. Rxf3 Qc7 0-1